000
00295nam a2200109Ia 4500
008
230907s9999||||xx |||||||||||||| ||und||
082
_a
621.38224
_b
ELE
100
_a
Costa, Francois.
_9
115102
245
0
_a
Electromagnetic compatibility in power electronics /
300
_a
pages cm
942
_c
BK
999
_c
597584
_d
597584